| 000 | 00649nam a22001217a 4500 | ||
|---|---|---|---|
| 040 | _cRUA | ||
| 082 | _aRUA ក្រសួង 2022 A126 Or. | ||
| 100 | _aក្រសួងកសិកម្មរុក្ខាប្រមាញ់ និងនេសាទ, | ||
| 245 | _aរបាយការណ៍បូកសរុបការងារកសិកម្ម រុក្ខាប្រមាញ់ និងនេសាទ ប្រចាំឆ្នាំ២០២១ និងទិសដៅការងារសម្រាប់ឆ្នាំ២០២២ | ||
| 260 |
_aPHNOM PENH _bRUA _c2022 |
||
| 300 |
_a109p. _bill. _c29cm. |
||
| 942 | _cREC | ||
| 999 |
_c25402 _d25402 |
||